Suplemento a la historia de los tres siglos de Méjico del P. Andrés Cavo (Record no. 123)

MARC details
000 -CABECERA
campo de control de longitud fija 00755nam a2200205 a 4500
001 - NÚMERO DE CONTROL
campo de control BRCA_142
005 - FECHA Y HORA DE LA ÚLTIMA TRANSACCIÓN
campo de control 20190320202910.0
008 - DATOS DE LONGITUD FIJA--INFORMACIÓN GENERAL
campo de control de longitud fija 051005s1998----mx-#---###---#000-0#spa-#
050 #4 - SIGNATURA TOPOGRÁFICA DE LA BIBLIOTECA DEL CONGRESO
Número de clasificación F1226
Número de documento/Ítem .B53 1998
100 1# - ENTRADA PRINCIPAL--NOMBRE DE PERSONA
Nombre de persona Bustamante, Carlos María de
Fechas asociadas al nombre 1774-1848
9 (RLIN) 555
245 10 - MENCIÓN DE TÍTULO
Título Suplemento a la historia de los tres siglos de Méjico del P. Andrés Cavo
Mención de responsabilidad, etc. Carlos María de Bustamante.
260 ## - PUBLICACIÓN, DISTRIBUCIÓN, ETC.
Lugar de publicación, distribución, etc. México
Nombre del editor, distribuidor, etc. Biblioteca Mexicana de la Fundación Miguel Alemán
Fecha de publicación, distribución, etc. 1998
300 ## - DESCRIPCIÓN FÍSICA
Extensión 1115 p.
Dimensiones 23 cm.
500 ## - NOTA GENERAL
Nota general Facsímil de: 1870
500 ## - NOTA GENERAL
Nota general Incluye índice onomástico
650 14 - PUNTO DE ACCESO ADICIONAL DE MATERIA--TÉRMINO DE MATERIA
Término de materia o nombre geográfico como elemento de entrada México
Subdivisión general Historia
Subdivisión cronológica Colonia, 1540-1810
9 (RLIN) 556
650 14 - PUNTO DE ACCESO ADICIONAL DE MATERIA--TÉRMINO DE MATERIA
Término de materia o nombre geográfico como elemento de entrada México
Subdivisión general Historia
Subdivisión cronológica Guerra de Independencia, 1810-1821
9 (RLIN) 557
700 1# - PUNTO DE ACCESO ADICIONAL--NOMBRE DE PERSONA
Nombre de persona Cavo, Andrés
9 (RLIN) 558
942 ## - ELEMENTOS DE PUNTO DE ACCESO ADICIONAL (KOHA)
Fuente del sistema de clasificación o colocación Library of Congress Classification
Tipo de ítem Koha Libros
Holdings
Estado de retiro Estado de pérdida Estado dañado No para préstamo Localización permanente Ubicación/localización actual Fecha de adquisición Total de préstamos Signatura topográfica completa Código de barras Fecha visto por última vez Precio válido a partir de Tipo de ítem Koha
El ejemplar forma parte de la colección y puede ser consultado según las políticas vigentes.       Biblioteca del Museo Franz Mayer (Rogerio Casas-Alatriste) Biblioteca del Museo Franz Mayer (Rogerio Casas-Alatriste) 25/06/2008   F1226 .B53 1998 00135 22/03/2019 22/03/2019 Libros